LEADER 02123nam 2200589 a 450 001 9910789421803321 005 20230725031506.0 010 $a1-61324-211-5 035 $a(CKB)2670000000094825 035 $a(EBL)3019712 035 $a(SSID)ssj0000521168 035 $a(PQKBManifestationID)12162242 035 $a(PQKBTitleCode)TC0000521168 035 $a(PQKBWorkID)10523226 035 $a(PQKB)11578961 035 $a(MiAaPQ)EBC3019712 035 $a(Au-PeEL)EBL3019712 035 $a(CaPaEBR)ebr10671277 035 $a(OCoLC)730514996 035 $a(EXLCZ)992670000000094825 100 $a20091222d2010 uy 0 101 0 $aeng 135 $aur|n|---||||| 181 $ctxt 182 $cc 183 $acr 200 00$aBiodegradation of cellulose fibers$b[electronic resource] /$fBarbara Simonc?ic? ... [et al.] 210 $aNew York. $cNova Science Publishers$dc2010 215 $a1 online resource (76 p.) 225 1 $aBacteriology research developments 300 $aDescription based upon print version of record. 311 $a1-61668-154-3 320 $aIncludes bibliographical references and index. 327 $aIntroduction -- Materials for finishing and application methods -- Analytical methods for the evaluation of materials and finishes -- Biodegradation of untreated cellulose fibers -- Inhibition of cellulose biodegradation by chemical modification -- Sol-gel finishes for passive antibacterial activity -- Conclusion. 410 0$aBacteriology research developments series. 606 $aCellulose fibers 606 $aCellulose$xMicrobiology 606 $aCellulose$xBiodegradation 606 $aMicrobial biotechnology 615 0$aCellulose fibers. 615 0$aCellulose$xMicrobiology. 615 0$aCellulose$xBiodegradation. 615 0$aMicrobial biotechnology. 676 $a572/.56682 701 $aSimonc?ic?$b Barbara$01539036 801 0$bMiAaPQ 801 1$bMiAaPQ 801 2$bMiAaPQ 906 $aBOOK 912 $a9910789421803321 996 $aBiodegradation of cellulose fibers$93789634 997 $aUNINA LEADER 02197nam 2200505z- 450 001 9910557503103321 005 20211118 035 $a(CKB)5400000000044525 035 $a(oapen)https://directory.doabooks.org/handle/20.500.12854/72887 035 $a(oapen)doab72887 035 $a(EXLCZ)995400000000044525 100 $a20202111d2019 |y 0 101 0 $aeng 135 $aurmn|---annan 181 $ctxt$2rdacontent 182 $cc$2rdamedia 183 $acr$2rdacarrier 200 00$aTime Perception and Dysfunction: Clinical and Practical Implications 210 $cFrontiers Media SA$d2019 215 $a1 online resource (167 p.) 225 1 $aFrontiers Research Topics 311 08$a2-88945-704-4 330 $aThis eBook is a collection of articles from a Frontiers Research Topic. Frontiers Research Topics are very popular trademarks of the Frontiers Journals Series: they are collections of at least ten articles, all centered on a particular subject. With their unique mix of varied contributions from Original Research to Review Articles, Frontiers Research Topics unify the most influential researchers, the latest key findings and historical advances in a hot research area! Find out more on how to host your own Frontiers Research Topic or contribute to one as an author by contacting the Frontiers Editorial Office: frontiersin.org/about/contact 517 $aTime Perception and Dysfunction 606 $aNeurosciences$2bicssc 606 $aScience: general issues$2bicssc 610 $aTemporal  610 $atemporal processing 610 $atime processing 610 $atiming 610 $atiming dysfunction 615 7$aNeurosciences 615 7$aScience: general issues 700 $aDavalos$b Deana$4edt$01303771 702 $aMioni$b Giovanna$4edt 702 $aGrondin$b Simon$4edt 702 $aOrtuño$b Felipe$4edt 702 $aDavalos$b Deana$4oth 702 $aMioni$b Giovanna$4oth 702 $aGrondin$b Simon$4oth 702 $aOrtuño$b Felipe$4oth 906 $aBOOK 912 $a9910557503103321 996 $aTime Perception and Dysfunction: Clinical and Practical Implications$93027199 997 $aUNINA